000 00887nam a2200265 i 4500
001 bg
245 0 0 _aSłownik naukowo-techniczny angielsko-polski /
_cred. Maria M. Berger [et.al.].
246 1 5 _iTyt. równol. :
_aEnglish-Polish dictionary of science and technology
250 _aWyd. 12 popr. i rozsz. (dodr.)
260 _aWarszawa :
_bWydawnictwa Naukowo-Techniczne,
_c2007.
300 _aX, 1291 s. ;
_c25 cm.
650 9 _aSłownik angielsko-polski
650 9 _aTechnika
_xterminologia
655 _aSłowniki angielsko-polskie
700 1 _aBerger, Maria M.
_eRed.
020 _a9788320433982
040 _cBPK
041 1 _apol
_aeng
044 _aPOL
080 _a62(038)=111=162.1
920 _a978-83-204-3398-2
942 _cKS
008 s pl f |000 0 pol
999 _c54715
_d54715
856 _uhttp://koha.tu.koszalin.pl/cgi-bin/koha/opac-detail.pl?biblionumber=54715
_yKatalog online BPK